[Event "SWZ-ch"]
[Site "Graechen"]
[Date "1999.??.??"]
[Round "?"]
[White "Ramseier, Jana S"]
[Black "Thuerig, Catherine"]
[Result "1/2-1/2"]
[WhiteElo "2148"]
[BlackElo "2060"]

1.d4 Nf6 2.c4 e6 3.Nf3 b6 4.g3 Ba6 5.Qc2 Bb4+ 6.Bd2 Be7 7.Bg2 O-O 8.Ne5 d5
9.O-O Bb7 10.Nc3 c6 11.cxd5 exd5 12.Na4 Nfd7 13.Nd3 Na6 14.b4 b5 15.Nac5 Naxc5
16.bxc5 Bf6 17.Be3 a5 18.a3 Re8 19.Qd2 Nf8 20.Ne1 Ng6 21.Nf3 h6 22.Qd3 Bc8
23.h3 Qe7 24.Rfe1 Be6 25.Kh2 Qd7  1/2-1/2

[Event "Helsinki We I HSK"]
[Site "Helsinki"]
[Date "1999.??.??"]
[Round "1"]
[White "Veingold, Aleksandr"]
[Black "Salimaki, Janne"]
[Result "1-0"]
[WhiteElo "2477"]
[BlackElo "2282"]

1.d4 Nf6 2.Nf3 e6 3.c4 b6 4.g3 Ba6 5.Nbd2 Bb4 6.Qc2 Bb7 7.Bg2 Be4 8.Qb3 Bxd2+
9.Bxd2 O-O 10.O-O d6 11.Rfd1 Nbd7 12.Rac1 Qc8 13.Bf1 c5 14.Bf4 d5 15.Nd2 Bg6
16.Bg2 Qa6 17.cxd5 exd5 18.Bxd5 Nxd5 19.Qxd5 Rad8 20.dxc5 Nxc5 21.Qc4 Qb7
22.Nf1 Rfe8 23.Be3 Ne6 24.f3 h5 25.Kf2 Kh8 26.Qb4 Qa8 27.Qa4 Qb7 28.a3 Qe7
29.Rxd8 Rxd8 30.b4 f6 31.Qb5 Be8 32.Qf5 Qd6 33.Nd2 Kg8 34.Ne4 Qe7 35.h3 Bf7
36.g4 h4 37.Nd2 Qb7 38.Qb5 Qb8 39.Nf1 Qd6 40.Rc3 Qb8 41.Rd3 Qc7 42.Rxd8+ Qxd8
43.Qc6 Qb8 44.Qe4 Qc7 45.Bd2 Qd7 46.Kg2 Qd8 47.Be1 g5 48.Bd2 Qc7 49.Kf2 Kg7
50.e3 Nf8 51.Qd4 Bc4 52.Bc3 Qc6 53.Nd2 Bf7 54.Ne4 Nh7 55.Qd6 Qc4 56.Bxf6+ Nxf6
57.Qxf6+ Kf8 58.Qd8+ Kg7 59.Qxg5+ Kh8 60.Qxh4+  1-0

[Event "Helsinki op2"]
[Site "Helsinki"]
[Date "1999.??.??"]
[Round "1"]
[White "Pessi, Juha"]
[Black "Kanko, Ilkka"]
[Result "1/2-1/2"]
[WhiteElo "2190"]
[BlackElo "2198"]

1.d4 Nf6 2.c4 e6 3.Nf3 b6 4.g3 Ba6 5.Qc2 c5 6.Bg2 Nc6 7.Bf4 cxd4 8.O-O Be7
9.Rd1 Rc8 10.Qa4 Bb7 11.Nxd4 Nxd4 12.Rxd4 Bxg2 13.Kxg2 O-O 14.Nc3 Rc5 15.Be3 Ra5
16.Qc2 Bc5 17.Rd3 Qa8+ 18.Kg1 Bxe3 19.Rxe3 Ng4 20.Re4 f5 21.Rd4 f4 22.Rxf4 Rxf4
23.gxf4 Rh5 24.Qe4 Qd8 25.Rd1 Qh4 26.Qg2 Nf6 27.Qg3 Rh6 28.Qxh4 Rxh4 29.e3 Kf7
30.Kg2 Ke7 31.h3 Rh5 32.e4 Rc5 33.b3 a6 34.e5 Ne8 35.Ne4 Rc6 36.Kf3 Rc8 37.Nd6 Nxd6
38.Rxd6 b5 39.Rd4 bxc4 40.Rxc4 Rb8 41.Ke4 d5+ 42.exd6+ Kxd6 43.Rd4+ Ke7 44.Ra4 Rb6
45.b4 Kf6 46.a3 Rc6 47.Ra5 Rc4+ 48.Kf3 Rc3+ 49.Kg2 Rc6 50.Kg3 Rd6 51.f3 Rc6
52.h4 h6 53.Kg4 Rd6 54.h5 Rc6 55.f5 e5 56.f4 exf4 57.Kxf4  1/2-1/2

[Event "Helsinki op"]
[Site "Helsinki"]
[Date "1999.??.??"]
[Round "5"]
[White "Veingold, Aleksandr"]
[Black "Sammalvuo, Tapani"]
[Result "1/2-1/2"]
[WhiteElo "2477"]
[BlackElo "2413"]

1.d4 e6 2.Nf3 Nf6 3.c4 b6 4.g3 Ba6 5.b3 Bb4+ 6.Bd2 Be7 7.Bg2 c6 8.Bc3 d5
9.Nbd2 Nbd7 10.O-O O-O 11.Re1 Bb7 12.e4 dxe4 13.Nxe4 c5 14.Nfg5 cxd4 15.Qxd4 Qc7
16.Rad1 Rad8 17.Qe3 h6 18.Nxf6+ Bxf6 19.Bxb7 Bxc3 20.Qxc3 Qxb7 21.Ne4 Nc5
22.Nxc5 bxc5 23.Rd2 Qc7 24.Red1 a5 25.Qe3 Rxd2 26.Qxd2 Rb8 27.Qd7 Qxd7 28.Rxd7 a4
29.h4 axb3 30.axb3 Rxb3 31.Rc7 g6 32.Rxc5 Kg7 33.g4 Rh3 34.h5 gxh5 35.Rxh5 Rxh5
36.gxh5 e5 37.Kf1 Kf6 38.Ke2 Ke6 39.Kd3 f5 40.Kc3 Kd6 41.Kb4 e4 42.c5+ Kd5
43.Kb5 f4 44.c6 e3 45.fxe3 f3 46.c7 f2 47.c8=Q f1=Q+ 48.Kb6 Qf6+ 49.Ka7 Qa1+
50.Qa6 Qxa6+ 51.Kxa6 Ke4 52.Kb5 Kxe3 53.Kc4 Kf4 54.Kd3 Kg5 55.Ke2 Kxh5  1/2-1/2

[Event "Hessen-ch int"]
[Site "Hessen"]
[Date "1999.??.??"]
[Round "5"]
[White "Kortschnoj, Viktor"]
[Black "Kachiani Gersinska, Ketino"]
[Result "1/2-1/2"]
[WhiteElo "2675"]
[BlackElo "2425"]

1.d4 Nf6 2.c4 e6 3.Nf3 b6 4.g3 Ba6 5.Qc2 Nc6 6.a3 Bb7 7.Qd3 e5 8.dxe5 Nxe5
9.Nxe5 Bxh1 10.f3 Bd6 11.Qc3 Qe7 12.Ng4 Nxg4 13.Qxg7 O-O-O 14.Qxg4 h5 15.Qf5 Rdg8
16.Bf4 Bxf4 17.Qxf4 h4 18.g4 f5 19.gxf5 Bg2 20.f6 Qd6 21.Qe4 c6 22.f7 Rf8
23.Bxg2 Qxh2 24.Qg4 h3 25.Bf1 Rxf7 26.Nd2 Qe5 27.Bxh3 Rg7 28.Qe4 Qg3+ 29.Kd1 Qxh3
30.Kc2 Rg2 31.Qd3 Qh2 32.Re1 Qg3 33.Qc3 Rhh2 34.Kd1 Qd6 35.Qe3 Kb7 36.Kc2 Qg3
37.Kd1 Qd6 38.Kc2 Qg6+ 39.Kc1 Qe6 40.Qxe6 dxe6 41.Kd1 c5 42.Ne4 Kc6 43.a4 Rh3
44.Rf1 Rgh2 45.Nf2 Rh4 46.b3 a6 47.Kd2 b5 48.axb5+ axb5 49.cxb5+ Kxb5 50.Nd3 Rh1
51.Rxh1 Rxh1 52.Kc3 Rh2 53.Kd2 Kc6 54.Ne1 Rh1 55.Nc2 Kd5 56.b4 cxb4 57.Nxb4+ Kd4
58.Nc2+ Ke5 59.Ke3 Rb1 60.Kf2  1/2-1/2

[Event "HUN-chT9899"]
[Site "HUN"]
[Date "1999.??.??"]
[Round "?"]
[White "Seres, Lajos"]
[Black "Lakos, Nikoletta"]
[Result "1-0"]
[WhiteElo "2410"]
[BlackElo "2385"]

1.d4 Nf6 2.c4 e6 3.Nf3 b6 4.g3 Ba6 5.Qa4 Bb7 6.Bg2 c5 7.dxc5 bxc5 8.O-O Be7
9.Nc3 O-O 10.Rd1 Qb6 11.Bf4 d6 12.Rd2 h6 13.Rad1 e5 14.Be3 Nc6 15.Nh4 Nd4
16.Bxb7 Qxb7 17.f3 Rfd8 18.Ng2 d5 19.Bf2 dxc4 20.Ne3 Qb4 21.Qa6 Rd6 22.Qxc4 Rad8
23.Kf1 Qb7 24.b3 Qc8 25.Kg2 Qb7 26.Nf1 Rb6 27.Na4 Rb4 28.Nxc5 Bxc5 29.Qxc5 Rb5
30.Qc3 Rc8 31.Qb2 Ne6 32.e4 a5 33.Rc2 a4 34.Rxc8+ Qxc8  1-0

[Event "HUN-chT9899"]
[Site "HUN"]
[Date "1999.??.??"]
[Round "?"]
[White "Seres, Lajos"]
[Black "Orgovan, Sandor"]
[Result "1/2-1/2"]
[WhiteElo "2420"]
[BlackElo "2340"]

1.d4 Nf6 2.Nf3 e6 3.c4 b6 4.g3 Ba6 5.Qa4 Bb7 6.Bg2 c5 7.dxc5 bxc5 8.O-O Be7
9.Nc3 O-O 10.Rd1 Qb6 11.Bf4 Rd8 12.Rd2 d6 13.Rad1 h6 14.Qb5 Ne8 15.e4 g5
16.Be3 Nc6 17.e5 dxe5 18.Rxd8 Rxd8 19.Rxd8 Bxd8 20.Bxc5 Qc7 21.Nxe5 a6 22.Qa4 Qxe5
23.Bxc6 Qxc5 24.Bxb7 Nd6 25.Bxa6 Bf6 26.Qc2 Kg7 27.a3 Qe5 28.Bb5 g4 29.Qd1 h5
30.a4 Nf5 31.Ba6 Nd4 32.Bb7  1/2-1/2

[Event "HUN-chT9899"]
[Site "HUN"]
[Date "1999.??.??"]
[Round "?"]
[White "Karolyi, Tibor Jr"]
[Black "Korpics, Zsolt"]
[Result "1-0"]
[WhiteElo "2425"]
[BlackElo "2315"]

1.d4 Nf6 2.c4 e6 3.Nf3 b6 4.g3 Ba6 5.b3 Bb7 6.Bg2 Bb4+ 7.Bd2 a5 8.O-O O-O
9.Qc2 Qe7 10.Bf4 Bd6 11.Bxd6 Qxd6 12.Nc3 Qe7 13.e4 Ne8 14.Rfe1 d6 15.a3 Nd7
16.Nd2 e5 17.d5 g6 18.Bh3 Ng7 19.b4 f5 20.Nb3 Kh8 21.Qd2 axb4 22.axb4 Ba6
23.Qd3 Nf6 24.exf5 gxf5 25.Re2 e4 26.Qd4 Nd7 27.f4 Nb8 28.Nd2 c5 29.dxc6 Nxc6
30.Qxb6 Qf6 31.Rxa6 Rxa6 32.Qxa6 Nxb4 33.Qa3 Qd4+ 34.Kg2 Nh5 35.Nb5 Nxf4+
36.Kf1 Qe5 37.gxf4 Qxf4+ 38.Rf2 Qh4 39.Qc3+ Kg8 40.Rg2+ Kf7 41.Nxd6+  1-0

[Event "HUN-chT9899"]
[Site "HUN"]
[Date "1999.??.??"]
[Round "?"]
[White "Peter, Ambrus"]
[Black "Cao Sang"]
[Result "1-0"]
[WhiteElo "2405"]
[BlackElo "2495"]

1.d4 Nf6 2.c4 e6 3.Nf3 b6 4.g3 Ba6 5.b3 b5 6.cxb5 Bxb5 7.Bg2 Bc6 8.O-O Be7
9.Qc2 Qc8 10.Nc3 Qb7 11.Bf4 a5 12.a3 Ra6 13.Rfe1 O-O 14.e4 d6 15.d5 Bd7 16.dxe6 Bxe6
17.Nd4 Qc8 18.Nxe6 fxe6 19.Bh3 Rc6 20.e5 dxe5 21.Rxe5 Kh8 22.Rxa5 Nbd7 23.Bg2 Nd5
24.Qd2 Rxc3 25.Bxd5 exd5 26.Qxc3 Bf6 27.Qc1 Bxa1 28.Qxa1 c6 29.Ra7 Qe8 30.Qd4 Kg8
31.b4 Qe6 32.Qe3 Qf7 33.Rc7 Re8 34.Qc3 Qf5 35.Rxc6 Nf6 36.Rc7 h5 37.h4 Re4
38.Kg2 Re2 39.Qd4 Kh7 40.Bg5 Ne8 41.Rc5 Nd6 42.Rc7 Qg6 43.Rc6 Qe6 44.Rxd6 Qxd6
45.Qd3+ Re4 46.f3 Qc6 47.fxe4 dxe4 48.Qe2  1-0

[Event "Kharkov"]
[Site "Kharkov"]
[Date "1999.??.??"]
[Round "3"]
[White "Jobava, Baadur"]
[Black "Zatonskih, Anna"]
[Result "1/2-1/2"]
[WhiteElo "2230"]
[BlackElo "2326"]

1.d4 e6 2.c4 Nf6 3.Nf3 b6 4.g3 Ba6 5.b3 Bb4+ 6.Bd2 Be7 7.Bg2 c6 8.O-O d5
9.Bc3 Nbd7 10.Nbd2 O-O 11.Qc2 c5 12.dxc5 Nxc5 13.Ng5 Ncd7 14.cxd5 exd5 15.Rfe1 Rc8
16.Qb2 Re8 17.Rad1 Bc5 18.e3 h6 19.Ngf3 Bd3 20.Bh3 Be7 21.Ne5 Nxe5 22.Bxc8 Qxc8
23.Bxe5 Qh3 24.f3 h5 25.Nb1 Qf5 26.Nc3 h4 27.Bd4 hxg3 28.hxg3 Qxf3 29.Qf2 Qxf2+
30.Kxf2 Ne4+ 31.Kg2 Ba6 32.Nxd5 Bd6 33.Nf4 Bb7 34.Kg1 Nxg3 35.Bb2 Bb4 36.Rd7 Bxe1
37.Rxb7 Bd2 38.Nd5 Nf5 39.Rxa7 Nxe3 40.Nxb6 Nf5 41.Nc4 Bb4 42.Rc7 g5 43.a3 Bf8
44.a4 g4 45.Bc3 g3 46.a5 Nh4 47.Ne5 Bh6 48.Ng4 Bg7 49.Rc4 Re2 50.Nh6+ Bxh6
51.Rxh4 Be3+ 52.Kf1 Rf2+ 53.Ke1 f5 54.Rh8+ Kf7 55.Rh7+ Ke6 56.Rg7 g2 57.a6 Rf1+
58.Ke2 g1=Q 59.Rxg1 Rxg1 60.Kxe3 Rg8 61.b4 Kd5 62.Kf4 Kc4 63.Be5 Kxb4 64.a7 Ra8
65.Bb8  1/2-1/2

[Event "Klatovy op-A"]
[Site "Klatovy"]
[Date "1999.??.??"]
[Round "9"]
[White "Trmota, Zdenek"]
[Black "Jurek, Josef"]
[Result "0-1"]
[WhiteElo "2275"]
[BlackElo "2362"]

1.d4 Nf6 2.Nf3 e6 3.c4 b6 4.g3 Ba6 5.b3 Bb4+ 6.Bd2 Be7 7.Bg2 d5 8.Ne5 O-O
9.Bc3 Bb7 10.Nd2 Na6 11.O-O c5 12.Re1 Qc7 13.Qc2 Rac8 14.Qb2 dxc4 15.Bxb7 Qxb7
16.dxc5 Nxc5 17.Nexc4 b5 18.Ne3 Rfd8 19.Red1 Ne8 20.Rac1 Bg5 21.Bd4 Nd7 22.Nf3 Be7
23.Rxc8 Rxc8 24.Rc1 a6 25.Rxc8 Qxc8 26.Qc2 Qb7 27.Ne5 Nxe5 28.Bxe5 Bg5 29.Nf1 Qd7
30.h4 Be7 31.Nd2 f6 32.Bf4 e5 33.Be3 f5 34.Nf3 Qe6 35.Bc5 Bf6 36.e4 g6 37.Kg2 Qc6
38.Nd2 Be7 39.b4 Bxc5 40.bxc5 Kg7 41.Qc3 fxe4 42.Qxe5+ Nf6 43.Kf1 Kf7 44.a3 h5
45.Qd4 Ke6 46.Qb4 Qd5 47.Qa5 Kf5 48.Ke1 Qxc5 49.Qxa6 Ng4 50.Nxe4 Kxe4 51.Qxg6+ Kf3
52.Qd3+ Kg2 53.Qe4+ Kg1 54.f3 Nf2 55.Ke2 Nxe4  0-1

[Event "La Bordeta op"]
[Site "La Bordeta"]
[Date "1999.??.??"]
[Round "7"]
[White "Torrecillas Martinez, Antonio"]
[Black "Pogorelov, Ruslan"]
[Result "1/2-1/2"]
[WhiteElo "2335"]
[BlackElo "2485"]

1.d4 Nf6 2.c4 e6 3.Nf3 b6 4.g3 Ba6 5.b3 Bb4+ 6.Bd2 Be7 7.Bg2 Bb7 8.Nc3 d5
9.cxd5 exd5 10.O-O O-O 11.Ne5 Na6 12.Rc1 h6 13.Qc2 c5 14.Be3 cxd4 15.Bxd4 Nc5
16.Nd3 Ne6 17.Be5 Rc8 18.Qb2 Qd7 19.Rfd1 d4 20.Bxb7 dxc3 21.Bxc8 cxb2 22.Bxd7 bxc1=Q
23.Nxc1 Rd8 24.Bxf6 gxf6 25.b4 Bxb4 26.Ba4 Rxd1+ 27.Bxd1 Bd6 28.Nd3 b5 29.Kg2 a5
30.Kf3 f5 31.h4 Kg7 32.e4 Kf6 33.exf5 Kxf5 34.g4+ Kf6 35.Ke4 Nc5+ 36.Nxc5 Bxc5
37.f4 Bf2 38.g5+ hxg5 39.hxg5+ Kg7 40.Be2  1/2-1/2

[Event "South Wales 3rd"]
[Site "Newport"]
[Date "1999.??.??"]
[Round "5"]
[White "Devereaux, Maxim"]
[Black "Dunworth, Christopher"]
[Result "1/2-1/2"]
[WhiteElo "2265"]
[BlackElo "2305"]

1.Nf3 Nf6 2.d4 e6 3.c4 b6 4.g3 Ba6 5.b3 Bb4+ 6.Bd2 Be7 7.Bg2 c6 8.Bc3 d5
9.Nbd2 O-O 10.O-O b5 11.Ne5 Nfd7 12.Nxd7 Nxd7 13.Re1  1/2-1/2

[Event "RUS-ch U14 Girls"]
[Site "Nizhnij Novgorod"]
[Date "1999.??.??"]
[Round "?"]
[White "Alieva, Elvira"]
[Black "Kursova, Maria"]
[Result "0-1"]
[WhiteElo "2148"]
[BlackElo "2038"]

1.d4 Nf6 2.Nf3 e6 3.c4 b6 4.g3 Ba6 5.Nbd2 Bb7 6.Bg2 Be7 7.O-O O-O 8.Qc2 c5
9.e4 cxd4 10.Nxd4 Qc8 11.b3 d6 12.Bb2 Nbd7 13.Ne2 Qc7 14.Nc3 Rac8 15.Rac1 a6
16.Qb1 Qb8 17.Rfe1 Rfd8 18.Nf3 Qa8 19.Nd4 Nc5 20.Re2 Bf8 21.Rce1 e5 22.Nf5 g6
23.Nh4 b5 24.Nd5 Nxd5 25.cxd5 b4 26.Qd1 a5 27.Bf1 Rc7 28.Rc2 Bc8 29.f4 f6
30.f5 g5 31.Ng2 Qa7 32.Kh1 Bd7 33.Qg4 Rdc8 34.h4 Nxe4 35.Qxe4 Rxc2  0-1

[Event "Santiago op"]
[Site "Santiago"]
[Date "1999.??.??"]
[Round "9"]
[White "Valenzuela, Luis"]
[Black "Urday, Henry"]
[Result "1/2-1/2"]
[WhiteElo "2419"]
[BlackElo "2486"]

1.d4 Nf6 2.c4 e6 3.Nf3 b6 4.g3 Ba6 5.b3 d5 6.Bg2 Bb4+ 7.Bd2 Bd6 8.Nc3 c6
9.O-O Nbd7 10.e4 Nxe4 11.Nxe4 dxe4 12.Ng5 Nf6 13.Nxe4 Nxe4 14.Bxe4 Rc8 15.Qg4 g6
16.Qf3 Bb7 17.Bh6 Bf8 18.Bxf8 Kxf8 19.Rad1 Kg7 20.Qf4 Qf6 21.Qxf6+ Kxf6 22.Rd3 Rhd8
23.Rfd1 Rd7 24.Kf1 c5 25.Bxb7 Rxb7 26.dxc5 Rxc5  1/2-1/2

[Event "Staufer-Open 11th"]
[Site "Schwaebisch Gmuend"]
[Date "1999.??.??"]
[Round "1"]
[White "Berkemer, Rainer"]
[Black "Zeller, Frank"]
[Result "0-1"]
[WhiteElo "1813"]
[BlackElo "2445"]

1.d4 Nf6 2.Nf3 e6 3.c4 b6 4.g3 Ba6 5.Qc2 c5 6.Bg2 Nc6 7.a3 cxd4 8.O-O Rc8
9.Qa4 Bb7 10.Nxd4 Nxd4 11.Bxb7 Nxe2+ 12.Kg2 Rc7 13.Qxa7 Bc5 14.b4 Bd4 15.Ra2 Nxc1
16.Rxc1 O-O 17.Qa6 d5 18.Rd1 Rxc4 19.Rad2 e5 20.f4 Ng4 21.Kf3 Ne3 22.Re1 exf4
23.gxf4 Qh4 24.Bxd5 Qg4+ 25.Ke4 Re8+ 26.Kd3 Qf5+  0-1

[Event "Staufer-Open 11th"]
[Site "Schwaebisch Gmuend"]
[Date "1999.??.??"]
[Round "4"]
[White "Lentrodt, Thomas"]
[Black "Jurek, Josef"]
[Result "1/2-1/2"]
[WhiteElo "2295"]
[BlackElo "2390"]

1.d4 Nf6 2.Nf3 e6 3.c4 b6 4.g3 Ba6 5.Qc2 c5 6.Bg2 Bb7 7.O-O cxd4 8.Nxd4 Bxg2
9.Kxg2 Qc7 10.e4 a6 11.f3 Be7 12.Be3 O-O 13.Nd2 d6 14.Rac1 Nbd7 15.Rfd1 Qb7
16.N2b3 Rac8 17.Qe2 Rfe8 18.Bf2 Bf8 19.Kg1 Ne5 20.Nd2 d5 21.cxd5 Rxc1 22.Rxc1 exd5
23.f4 Neg4 24.e5 Nxf2 25.Qxf2 Ne4 26.Qe3 Bc5 27.Kg2 Qd7 28.N2f3 a5 29.Qd3 Rd8  1/2-1/2

[Event "Staufer-Open 11th"]
[Site "Schwaebisch Gmuend"]
[Date "1999.??.??"]
[Round "6"]
[White "Haag, Ulrich"]
[Black "Latzke, Boris Alexander"]
[Result "1-0"]
[WhiteElo "2098"]
[BlackElo "2215"]

1.d4 Nf6 2.c4 e6 3.Nf3 b6 4.g3 Ba6 5.Qc2 c5 6.Bg2 Bb7 7.dxc5 Bxc5 8.O-O O-O
9.Nc3 d5 10.Bg5 dxc4 11.Bxf6 Qxf6 12.Ng5 Qxg5 13.Bxb7 Nd7 14.Bxa8 Rxa8 15.Rad1 Nf6
16.Ne4 Qg6 17.Nxf6+ Qxf6 18.Qxc4 Qxb2 19.Rd7 a5 20.Rfd1 g6 21.Kg2 Rf8 22.Rd8 Rxd8
23.Rxd8+ Kg7 24.Rd7 Qe5 25.Qf4 Qxf4 26.gxf4 h5 27.e4 Kf6 28.e5+ Kg7 29.a4 Kf8
30.Kf3 Ke8 31.Rb7 Kf8 32.Ke2 Kg8 33.Rc7 Bb4 34.Kd3 Be1 35.Rc2 Kg7 36.Kc4 g5
37.fxg5 Kg6 38.h4 Kf5 39.Re2 Bb4 40.f3 Kf4 41.Rg2 Kxf3 42.g6 fxg6 43.Rxg6 Be7
44.Rxe6 Bxh4 45.Rxb6 Ke4 46.Rb5 Kf5 47.Rxa5 Bd8 48.Rb5 h4 49.Kd5 Bc7 50.Rb4 Kg5
51.e6 h3 52.e7 h2 53.Rb1  1-0

[Event "Sportland-NRW-Cup"]
[Site "Senden"]
[Date "1999.??.??"]
[Round "7"]
[White "Caravan, Mariana"]
[Black "Dyballa, Gerhard"]
[Result "0-1"]
[WhiteElo "2125"]
[BlackElo "2030"]

1.d4 Nf6 2.c4 e6 3.Nf3 b6 4.g3 Ba6 5.b3 Bb4+ 6.Bd2 Bxd2+ 7.Nbxd2 Bb7 8.Bg2 d6
9.Qc2 Nbd7 10.O-O O-O 11.e4 e5 12.b4 c5 13.dxe5 dxe5 14.bxc5 bxc5 15.Rab1 Qc7
16.Ne1 Rab8 17.Nd3 Bc6 18.Qc3 Qd6 19.h3 Rfe8 20.Rxb8 Nxb8 21.Rb1 Nbd7 22.Re1 Nb6
23.Nb3 Na4 24.Qc2 Rd8 25.Re3 Nd7 26.f4 g6 27.Kh2 Re8 28.fxe5 Nxe5 29.Nf4 Nb6
30.Na5 Qd4 31.Rc3 Bxe4 32.Bxe4 Ng4+ 33.hxg4 Rxe4 34.Rd3 Qe5 35.Rd2 g5 36.Nd5 Nxd5
37.cxd5 Re3 38.Rg2 Qxd5 39.Nc4 Re4 40.Nd2 Rxg4 41.Re2 h5 42.Re8+ Kg7 43.Ne4 f5
44.Nxc5 Rc4 45.Qb2+ Kf7 46.Rh8 Kg6 47.Nb3 h4 48.gxh4 Qd6+ 49.Kh1 Qd1+ 50.Kh2 Rc2+
51.Qxc2 Qxc2+  0-1

[Event "St Lorrain Masters-B"]
[Site "St Lorrain"]
[Date "1999.??.??"]
[Round "?"]
[White "Gervasio, Ricardo"]
[Black "Guigonis, Dominique"]
[Result "1/2-1/2"]
[WhiteElo "2350"]
[BlackElo "2310"]

1.d4 Nf6 2.c4 e6 3.Nf3 b6 4.g3 Ba6 5.b3 c5 6.Bg2 Nc6 7.O-O Rc8 8.d5 Ne7 9.Nc3 exd5
10.cxd5 Ng6 11.Re1 Bd6 12.e4 Ne5 13.Nh4 c4 14.Nf5 Bf8 15.Bf4 Nd3 16.e5 Nxe1
17.Qxe1 Ng4 18.Ne4 Bc5 19.Nxc5  1/2-1/2

[Event "St Lorrain Masters-B"]
[Site "St Lorrain"]
[Date "1999.??.??"]
[Round "?"]
[White "Gervasio, Ricardo"]
[Black "Adrian, Claude"]
[Result "1-0"]
[WhiteElo "2350"]
[BlackElo "2315"]

1.d4 e6 2.Nf3 Nf6 3.c4 b6 4.g3 Ba6 5.Qc2 c5 6.Bg2 Nc6 7.O-O Rc8 8.d5 exd5
9.cxd5 Nxd5 10.Qe4+ Nde7 11.Nc3 d5 12.Qa4 Bb7 13.Bf4 Qd7 14.Rad1 a6 15.Qb3 b5
16.Nxd5 Nxd5 17.Rxd5 Qe6 18.Ng5 Nd4 19.Qd1 Bxd5 20.Nxe6 Bxe6 21.Bb7 Rd8 22.e3 Nf5
23.Bc6+ Ke7 24.Qc2 f6 25.Rd1 Rxd1+ 26.Qxd1 Kf7 27.Qd8 Kg6 28.Be8+ Bf7 29.Bxf7+ Kxf7
30.Qd5+ Kg6 31.g4  1-0

[Event "SVK-chT 9899"]
[Site "SVK"]
[Date "1999.??.??"]
[Round "8"]
[White "Kiss, P."]
[Black "Debnar, Lubos"]
[Result "1-0"]
[WhiteElo "2435"]
[BlackElo "2280"]

1.d4 Nf6 2.c4 e6 3.Nf3 b6 4.g3 Ba6 5.b3 Bb4+ 6.Bd2 Be7 7.Bg2 c6 8.Bc3 O-O
9.Nbd2 d5 10.O-O Nbd7 11.Re1 Rc8 12.e4 dxe4 13.Nxe4 Nxe4 14.Rxe4 Bb7 15.Re3 Nf6
16.Ne5 Qc7 17.Qe2 Rfe8 18.Rd1 Rcd8 19.Rdd3 c5 20.dxc5 Bxg2 21.Kxg2 Bxc5 22.Qf3 Rxd3
23.Rxd3 Rc8 24.Rd7 Qb8 25.Rxf7 Rc7  1-0

[Event "SVK-chT 9899"]
[Site "SVK"]
[Date "1999.??.??"]
[Round "11"]
[White "Ftacnik, Lubomir"]
[Black "Debnar, Lubos"]
[Result "1-0"]
[WhiteElo "2585"]
[BlackElo "2280"]

1.d4 Nf6 2.Nf3 e6 3.c4 b6 4.g3 Ba6 5.Nbd2 Bb7 6.Bg2 Be7 7.O-O d5 8.Qa4+ c6
9.cxd5 exd5 10.Ne5 O-O 11.Ndf3 c5 12.Bf4 Nfd7 13.Rfd1 f6 14.Nxd7 Nxd7 15.Rac1 a6
16.dxc5 Nxc5 17.Qc2 Ne6 18.Bc7 Nxc7 19.Qxc7 Rb8 20.Nd4 Bd6 21.Qc2 Qd7 22.Qf5 Qxf5
23.Nxf5 Bc5 24.Bxd5+ Bxd5 25.Rxd5 Rfd8 26.Rcd1 Rxd5 27.Rxd5 Rb7 28.e3 Rc7
29.a3 Kf7 30.Rd2 Ke6 31.Nh4 b5 32.Nf3 Bb6 33.Kf1 h5 34.Ke2 Rc4 35.Kd3 Rc7
36.h3 Rd7+ 37.Ke2 Rc7 38.Ne1 Rc6 39.Rc2 Rd6 40.Nd3 Kf7 41.Nb4 Ba5 42.Nc6 Bb6
43.Nb8 a5 44.Rc3 a4 45.Nc6 Ke6 46.Rc2 f5 47.h4 Kd7 48.Ne5+ Ke6 49.Nd3 g6
50.Nf4+ Kf7 51.Rc8 Ba5 52.Ra8 Bb6 53.Rb8 Kg7 54.Kf3 Kf7 55.Ne2  1-0

[Event "SWZ-chT"]
[Site "SWZ"]
[Date "1999.??.??"]
[Round "7"]
[White "Sutter, Oliver"]
[Black "Huss, Andreas"]
[Result "1/2-1/2"]
[WhiteElo "2312"]
[BlackElo "2380"]

1.d4 e6 2.c4 Nf6 3.Nf3 b6 4.g3 Ba6 5.b3 Bb4+ 6.Bd2 Be7 7.Bg2 c6 8.Bc3 d5
9.Nbd2 Nbd7 10.O-O O-O 11.Re1 Bb7 12.e4 Nxe4 13.Nxe4 dxe4 14.Rxe4 c5 15.Re3 Bf6
16.dxc5 Bxc3 17.Rxc3 Nxc5 18.b4 Qf6 19.Rac1 Rad8 20.Qe2 Ne4 21.Re3 Qh6 22.Re1 f5
23.Rd3 Qf6 24.Rxd8 Rxd8 25.Rd1 h6 26.Rxd8+ Qxd8 27.a3 Qf6 28.Qd1 Qb2 29.Qd4 Qc1+
30.Bf1 Nxg3 31.hxg3 Bxf3 32.Qe5 Kf7 33.Qc7+ Kf6 34.Qd8+ Kg6 35.Qe8+ Kf6 36.Qd8+ Kg6
37.Qe8+ Kh7 38.Qxe6 Be4 39.Qd7 Qxa3 40.Bg2 Qxb4 41.Bxe4 Qe1+ 42.Kh2 Qxe4
43.Qxa7 Qd4 44.Kg2 Kg6 45.Qa4 Qe4+ 46.Kg1 Kf6 47.Qb4 Qd4 48.Qf8+ Ke6 49.Qe8+ Kd6
50.Qf8+ Ke6 51.Qe8+ Kf6 52.Qf8+ Kg6 53.Qe8+ Kg5 54.Qe7+ Kg6 55.Qe8+ Kh7 56.Qf7 Qe4
57.Kh2 Qf3 58.Kg1 Qg4 59.Qc7 Qd4 60.Qf7 Qe4 61.Kh2 Qf3 62.Kg1 h5 63.Qe6 Qd1+
64.Kh2 Qb1 65.Qf7 Kh6 66.Qe6+ Kh7 67.Qf7 Qe4 68.Qxh5+ Kg8 69.Qd1 Qc6 70.Qd3 g6
71.Qd4 Kf7 72.Kg1 Ke7 73.Qg7+ Kd8 74.Qf7 Kc8 75.Qg8+ Kb7 76.Qg7+ Ka6 77.Qa1+ Kb7
78.Qg7+  1/2-1/2

[Event "RUS-Cup"]
[Site "Tula "]
[Date "1999.??.??"]
[Round "1"]
[White "Selin, O."]
[Black "Kiselev, Sergey"]
[Result "1/2-1/2"]
[WhiteElo "2281"]
[BlackElo "2500"]

1.d4 Nf6 2.c4 e6 3.Nf3 b6 4.g3 Ba6 5.b3 Bb4+ 6.Bd2 Be7 7.Bg2 d5 8.Ne5 c6
9.O-O Nfd7 10.Nxd7 Nxd7 11.Be3 Rc8  1/2-1/2

[Event "LTU-ch"]
[Site "Vilnius"]
[Date "1999.??.??"]
[Round "?"]
[White "Piesina, Gintautas"]
[Black "Asauskas, Henrikas"]
[Result "1/2-1/2"]
[WhiteElo "2405"]
[BlackElo "2231"]

1.d4 Nf6 2.Nf3 e6 3.c4 b6 4.g3 Ba6 5.b3 Bb7 6.Bg2 Bb4+ 7.Bd2 a5 8.O-O O-O
9.Qc2 d6 10.Nc3 Nbd7 11.Rfe1 Bxc3 12.Bxc3 Be4 13.Qc1 Qc8 14.Qe3 c6 15.Bf1 b5
16.Nd2 Bg6 17.f3 d5 18.Qf2 bxc4 19.bxc4 Nb6 20.a4 Qc7 21.Rec1 Rfc8 22.Bb2 Qa7
23.Bc3 h6 24.e3 Nbd7 25.cxd5 cxd5 26.Bb5 Nb6 27.Nb3 Nc4 28.Nc5 Qc7 29.e4 Nd6
30.e5 Nxb5 31.axb5 Nd7 32.Bd2 Nxc5 33.dxc5 Qb7 34.Qe2 d4 35.c6 Qb6 36.Qc4 a4
37.Rxa4 Rxa4 38.Qxa4 Bd3 39.c7 Rxc7 40.Rxc7 Qxc7 41.Qb3 Be2  1/2-1/2

[Event "LTU-ch"]
[Site "Vilnius"]
[Date "1999.??.??"]
[Round "?"]
[White "Grabliauskas, Virginijus"]
[Black "Sulskis, Sarunas"]
[Result "0-1"]
[WhiteElo "2445"]
[BlackElo "2568"]

1.d4 e6 2.c4 Nf6 3.Nf3 b6 4.g3 Ba6 5.b3 b5 6.cxb5 Bxb5 7.Bg2 Bb4+ 8.Bd2 a5
9.Nc3 Bc6 10.O-O O-O 11.Qc2 h6 12.Rfe1 Bxc3 13.Bxc3 Be4 14.Qb2 Nc6 15.Qa3 Nd5
16.Rac1 f5 17.Qc5 a4 18.b4 Na7 19.Bd2 c6 20.Bf4 Nb5 21.Bd6 Re8 22.Ne5 Bxg2
23.Kxg2 a3 24.Rc2 Nb6 25.Nd3 Nd5 26.Ne5 Nb6 27.Nd3 Nd5 28.Rb1 Ra7 29.Ne5 Qa8
30.Kg1 Ra6 31.Nc4 Nbc3 32.Nd2 Nxb1 33.Nxb1 Rb6 34.Nc3 Rxb4 35.Nxd5 Rb1+ 36.Kg2 exd5  0-1

[Event "JUG-chT"]
[Site "Vrnjacka Banja"]
[Date "1999.??.??"]
[Round "5"]
[White "Antic, Dejan"]
[Black "Ostojic, Nikola"]
[Result "1-0"]
[WhiteElo "2494"]
[BlackElo "2419"]

1.d4 Nf6 2.c4 e6 3.Nf3 b6 4.g3 Ba6 5.b3 Bb4+ 6.Bd2 Be7 7.Bg2 c6 8.Bc3 d5
9.Ne5 Nfd7 10.Nxd7 Nxd7 11.Nd2 O-O 12.O-O Nf6 13.e4 b5 14.Re1 dxe4 15.Qc2 Rc8
16.Nxe4 bxc4 17.Nc5 Qb6 18.b4 Rcd8 19.a3 Nd5 20.Bb2 Bf6 21.Rad1 g6 22.h4 Bc8
23.Qxc4 a5 24.Rb1 axb4 25.axb4 Qb5 26.Bxd5  1-0

[Event "JUG-chT"]
[Site "Vrnjacka Banja"]
[Date "1999.??.??"]
[Round "6"]
[White "Abramovic, Bosko"]
[Black "Kostic, Vladimir"]
[Result "1-0"]
[WhiteElo "2505"]
[BlackElo "2402"]

1.d4 Nf6 2.Nf3 e6 3.c4 b6 4.g3 Ba6 5.b3 Bb7 6.Bg2 Bb4+ 7.Bd2 a5 8.O-O O-O
9.Nc3 d6 10.Qc2 Nbd7 11.Rfe1 Bxc3 12.Bxc3 Be4 13.Qb2 c6 14.Bf1 b5 15.Qd2 h6
16.Red1 Bh7 17.Qc1 Ne4 18.Be1 b4 19.Nh4 f5 20.f3 Nef6 21.a3 Qb6 22.Bf2 Qb7
23.Ng2 Kh8 24.Qd2 Rfb8 25.Nf4 Bg8 26.Nd3 bxa3 27.Rxa3 e5 28.dxe5 dxe5 29.Qc3 e4
30.Nc5 Nxc5 31.Bxc5 Qf7 32.Rda1 Qg6 33.Rxa5 Rxa5 34.Rxa5 Re8 35.Be3 Nh5 36.Kf2 Nf6
37.Bg2 Qh5 38.Kg1 exf3 39.exf3 Qg6 40.Ra1 Qf7 41.Ra7 Qe6 42.Bd4 Qe1+ 43.Qxe1 Rxe1+
44.Bf1 Rb1 45.Ra3 Nd7 46.Kf2 c5 47.Ba1 Be6 48.Bd3 Rh1 49.Ra8+ Kh7 50.g4 Nf6
51.gxf5 Bd7 52.Be5 Rd1 53.Ke2 Rg1 54.Ra7  1-0

[Event "JUG-chT (Women)"]
[Site "Vrnjacka Banja"]
[Date "1999.??.??"]
[Round "8"]
[White "Khurtsidze, Nino"]
[Black "Peptan, Corina"]
[Result "1/2-1/2"]
[WhiteElo "2472"]
[BlackElo "2419"]

1.d4 Nf6 2.c4 e6 3.Nf3 b6 4.g3 Ba6 5.Nbd2 c5 6.Bg2 Bb7 7.dxc5 Bxc5 8.O-O O-O
9.a3 Be7 10.Qc2 d6 11.e4 Nbd7 12.Nd4 Rc8 13.b3 Qc7 14.Qd1 Qb8 15.Bb2 a6 16.Qe2 Rfe8
17.f4 Bf8 18.Rae1 Qa8 19.e5 Bxg2 20.Qxg2 Qxg2+ 21.Kxg2 dxe5 22.fxe5 Ng4 23.N4f3 Bc5
24.Ne4 Red8 25.Bc1 Be7 26.Bf4 Nc5 27.h3 Nh6 28.Bxh6 gxh6 29.Nxc5 Bxc5 30.Rd1 a5
31.a4 Kf8 32.Nh2 h5 33.Kf3 Ke7 34.Ke4 Rg8 35.g4 Rcd8 36.gxh5 Rxd1 37.Rxd1 Rg5
38.Ng4 Rxh5 39.Rd7+ Kxd7 40.Nf6+ Kc6 41.Nxh5 Be7 42.Nf4 Bg5 43.Nd3 f6 44.Kd4 f5
45.b4 axb4 46.Nxb4+ Kc7 47.Nd3 Be7 48.Ke3 Kc6 49.Kf3  1/2-1/2